000 00325nam a2200133Ia 4500
005 20260328101509.0
008 260328s9999||||xx |||||||||||||| ||und||
100 _aDenti, Giovanni
245 0 _aLe Corbusier :
_b Bibliografía /
_cGiovanni Denti
260 _bAlinea
300 _a112 p.
650 _aARQUITECTOS
942 _cBK
999 _c9123
_d9123